Poemas de Li Po

Tallennettuna:
Bibliografiset tiedot
Aineistotyyppi: Kirja
Kieli:espanja
Julkaistu: Santiago Universitaria 1962
Aiheet:
Tagit: Lisää tagi
Ei tageja, Lisää ensimmäinen tagi!

MARC

LEADER 00000cam a2200000 a 4500
001 UCV9093
003 CL-VaPUC
008 920512e19620000CL |||||||||||||||||spa|d
082 0 4 |a 895.101  |b POE  |2 21 
245 1 0 |a Poemas de Li Po 
300 |a 76 p 
942 |c BK 
945 |d 19920512 00:00:00 
260 |a Santiago  |b Universitaria  |c 1962 
650 7 |a POESIAS CHINAS  |2 CL-VaPUC  |9 267588 
583 |a last modification  |c 20140328 07:37:08  |k Rodrigo Vera 
999 |c 214486  |d 214484 
952 |0 0  |1 0  |2 ddc  |4 0  |6 895_101000000000000_POE_1962  |7 0  |8 P  |9 197892  |a BIBARQ  |b BIBARQ  |d 2019-11-14  |i 2655241  |o 895.101 POE 1962  |p 2655241  |r 2025-01-20  |w 2019-11-14  |y BK  |k ARQ 
952 |0 0  |1 0  |3 erb  |4 0  |6 895_101000000000000_POE_1962  |7 0  |8 A  |9 197893  |a BIBART  |b BIBART  |i 5043549  |o 895.101 POE 1962  |p 5043549  |r 2025-03-13  |w 2019-11-14  |y BK  |z Catalogado en:20140331  |k ART